• 首页
  • 本馆介绍
  • 公告通知
  • 最新文献
  • 馆藏检索
  • 电子资源
  • 读者导购
  • 参考咨询
  • 我的图书馆
  • 登录
  • 详细信息显示
  • 放入我的书架
  • 预约/预借图书
  • 作者相关作品
  • 分类相关作品
  • 丛书相关作品
  • 出版社相关作品

书目信息

  • 表格格式
  • 工作单格式
  • 卡片格式
题名:
固体薄膜材料与制备技术
    
 
作者: 宁兆元 编著
分册:  
出版信息: 北京   科学出版社  2008
页数: 131页
开本: 24cm
丛书名:
单 册:
中图分类: TB383 , TB43
科图分类:
主题词: 薄膜--工程材料 , 薄膜技术 , 薄膜 , 工程材料
电子资源:
ISBN: 978-7-03-021206-1
000 01069nam0 2200289 45
005 20100303150505.46
010    @a978-7-03-021206-1@dCNY30.00
100    @a20100121d2008 em y0chiy0120 ea
101 0  @achi@aeng
102    @aCN@b110000
105    @ay z 000yy
106    @ar
200 1  @a固体薄膜材料与制备技术@AGu Ti Bao Mo Cai Liao Yu Zhi Bei Ji Shu@dThin solid film materials and preparation technology@f宁兆元[等]编著@FNing Zhao Yuan [ Deng ] Bian Zhu@zeng
210    @a北京@c科学出版社@d2008
215    @a131页@d24cm
304    @a编著者还有:江美福、辛煜、叶超
330    @a本书共分10章,内容包括:薄膜的特征、真空技术基础、等离子体技术基础、薄膜的物理气相沉积、化学气相沉积、膜厚和沉积速率的测量、低介电常数薄膜材料等。
510 1  @aThin solid film materials and preparation technology@zeng
606 0  @a薄膜@x工程材料
606 0  @a薄膜技术
606 0  @a薄膜
606 0  @a工程材料
690    @aTB383@v4
690    @aTB43@v4
701  0 @a宁兆元@ANing Zhao Yuan@4编著
801  0 @aCN@bTANGWEI@c20100303
905    @b0585505-09@dTB383@e193@f5
    
    固体薄膜材料与制备技术=Thin solid film materials and preparation technology/宁兆元[等]编著.-北京:科学出版社,2008
    131页;24cm
    
    
    ISBN 978-7-03-021206-1:CNY30.00
    本书共分10章,内容包括:薄膜的特征、真空技术基础、等离子体技术基础、薄膜的物理气相沉积、化学气相沉积、膜厚和沉积速率的测量、低介电常数薄膜材料等。
●
相关链接 在E读中查询图书 在五车中查询图书 在当当中查询图书 在豆瓣中查询图书


正题名:固体薄膜材料与制备技术     索取号:TB383/193         预约/预借

序号 登录号 条形码 馆藏地/架位号 状态 备注
1 0585505   205855056   第二样本阅览室/ [索取号:TB383/193] 在馆    
2 0585506   205855065   密集书库-生命科学系/ [索取号:TB383/193] 在馆    
3 0585507   205855074   第三借阅区/ [索取号:TB383/193] 在馆    
4 0585508   205855083   第三借阅区/ [索取号:TB383/193] 在馆    
5 0585509   205855092   第三借阅区/ [索取号:TB383/193] 在馆    
唐山师范学院图书馆 欢迎您!
大连网信软件有限公司© 版权所有